000 00697nam a2200265Ia 4500
003 OSt
005 20221005062507.0
006 a|||||r|||| 00| 0
007 ta
008 221004b |||||||| |||| 00| 0 eng d
024 _a57880
037 _cTextual
040 _aCRL
_cCRL
_beng
041 _2eng
_aeng
082 _aT:4,7, N4
100 _aHill's William Fawcett
_9601894
245 0 _aLearning through discussion
250 _a3rd
260 _aLondon
_bSage
_c1994
300 _a70p.
_ccm.
650 _aEDUCATION
700 _a Rabow Jerome Ed.
_9601895
942 _hT:4,7, N4
_cTEXL
_2cc
999 _c969795
_d969795